000 00703nam a2200217Ia 4500
005 20241129111455.0
008 241129s9999||||xx |||||||||||||| ||und||
020 _a978-93-5171-013-4
037 _aTB
040 _aCRL
_beng
_cCRL
041 _aeng
_2eng
084 _aY72.2 R1
_qCRL
100 _aAjay Pratap Ed.; Paranjape Binda Ed.; Ghan Shyam Ed.
_9724521
245 0 _aTribal and environmental history of India: new perspectives
_cAjay Pratap Ed.; Paranjape Binda Ed.; Ghan Shyam Ed.
260 _aNew Delhi, India
_bResearch Press
_c2021
300 _axvii,360p.
365 _aINR
_b1850
650 _aSociologyRace
_9726218
942 _cTB
_hY72.2 R1
999 _c1230633
_d1230633